Manchester United Current Squad - Statistics

General Stats
  • This quiz has been taken 50 times
  • The average score is 16 of 29
Answer Stats
Hint Answer % Correct
#1 David De Gea
98%
#9 Anthony Martial
88%
#10 Marcus Rashford
85%
#5 Harry Maguire
81%
#29 Aaron Wan-Bissaka
79%
#8 Juan Mata
75%
#6 Paul Pogba
75%
#23 Luke Shaw
71%
#2 Victor Lindelof
71%
#4 Phil Jones
69%
#3 Eric Bailly
67%
#17 Fred
65%
#39 Scott McTominay
65%
#14 Jesse Lingard
60%
#26 Mason Greenwood
58%
#13 Sergio Romero
56%
#31 Nemanja Matic
52%
#20 Diogo Dalot
50%
#16 Marcos Rojo
48%
#18 Ashley Young
46%
#22 Lee Grant
46%
#21 Daniel James
44%
#44 Tahith Chong
38%
#38 Axel Tuanzebe
27%
#24 Timothy Fosu-Mensah
23%
#37 James Garner
21%
#15 Andreas Periera
17%
#40 Joel Periera
17%
#28 Angel Gomes
15%
No matching quizzes found
Score Distribution
Percent of People with Each Score
Percentile by Number Answered
Your Score History
You have not taken this quiz